<?xml version="1.0" encoding="UTF-8"?>
<record
    xmlns:xsi="http://www.w3.org/2001/XMLSchema-instance"
    xsi:schemaLocation="http://www.loc.gov/MARC21/slim http://www.loc.gov/standards/marcxml/schema/MARC21slim.xsd"
    xmlns="http://www.loc.gov/MARC21/slim">

  <leader>01159nas a2200289 i 4500</leader>
  <controlfield tag="003">DO-SdBNP</controlfield>
  <controlfield tag="005">20260219091643.0</controlfield>
  <controlfield tag="007">ta</controlfield>
  <controlfield tag="008">260219e1929    dr wn|p|r||||||0| | spa d</controlfield>
  <datafield tag="040" ind1=" " ind2=" ">
    <subfield code="a">DO-SdBNP</subfield>
    <subfield code="b">spa</subfield>
    <subfield code="c">BNPHU</subfield>
    <subfield code="e">rda</subfield>
  </datafield>
  <datafield tag="041" ind1=" " ind2=" ">
    <subfield code="a">spa</subfield>
  </datafield>
  <datafield tag="110" ind1=" " ind2=" ">
    <subfield code="a">List&#xED;n Diario (Rep&#xFA;blica Dominicana)</subfield>
    <subfield code="9">53034</subfield>
  </datafield>
  <datafield tag="222" ind1=" " ind2=" ">
    <subfield code="a">Suplemento</subfield>
  </datafield>
  <datafield tag="245" ind1=" " ind2=" ">
    <subfield code="a">Galeria artistica : </subfield>
    <subfield code="b">secci&#xF3;n gr&#xE1;fica de actualidad / </subfield>
    <subfield code="c">List&#xED;n Diario.</subfield>
  </datafield>
  <datafield tag="264" ind1=" " ind2=" ">
    <subfield code="a">Santo Domingo, Rep&#xFA;blica Dominicana : </subfield>
    <subfield code="b">List&#xED;n Diario, </subfield>
    <subfield code="c">1929.</subfield>
  </datafield>
  <datafield tag="300" ind1=" " ind2=" ">
    <subfield code="a">volumen : </subfield>
    <subfield code="b">ilustraciones, fotograf&#xED;as ; </subfield>
    <subfield code="c">41 cm.</subfield>
  </datafield>
  <datafield tag="310" ind1=" " ind2=" ">
    <subfield code="a">Semanal.</subfield>
  </datafield>
  <datafield tag="336" ind1=" " ind2=" ">
    <subfield code="a">texto</subfield>
    <subfield code="b">txt</subfield>
    <subfield code="2">rdacontent</subfield>
  </datafield>
  <datafield tag="337" ind1=" " ind2=" ">
    <subfield code="a">sin mediaci&#xF3;n </subfield>
    <subfield code="b">n</subfield>
    <subfield code="2">rdamedia</subfield>
  </datafield>
  <datafield tag="338" ind1=" " ind2=" ">
    <subfield code="a">volumen</subfield>
    <subfield code="b">nc</subfield>
    <subfield code="2">rdacarrier</subfield>
  </datafield>
  <datafield tag="362" ind1=" " ind2=" ">
    <subfield code="a">A&#xF1;o 40. N&#xFA;mero 12. Volumen 554, mayo 1929.</subfield>
  </datafield>
  <datafield tag="500" ind1=" " ind2=" ">
    <subfield code="a">Catalogaci&#xF3;n basada en el n&#xFA;mero: A&#xF1;o 40. N&#xFA;mero 12. Volumen 554, mayo 1929.</subfield>
  </datafield>
  <datafield tag="500" ind1=" " ind2=" ">
    <subfield code="a">Este suplemento tiene algunos n&#xFA;meros que est&#xE1;n dentro del peri&#xF3;dico encuadernados.</subfield>
  </datafield>
  <datafield tag="650" ind1=" " ind2="0">
    <subfield code="a">Informaci&#xF3;n p&#xFA;blica oficial</subfield>
    <subfield code="x">Propaganda art&#xED;stica</subfield>
    <subfield code="v">Suplemento</subfield>
    <subfield code="9">53837</subfield>
    <subfield code="z">Rep&#xFA;blica Dominicana</subfield>
  </datafield>
  <datafield tag="655" ind1=" " ind2="0">
    <subfield code="a">Publicaciones peri&#xF3;dicas</subfield>
    <subfield code="9">87420</subfield>
  </datafield>
  <datafield tag="942" ind1=" " ind2=" ">
    <subfield code="2">ddc</subfield>
    <subfield code="c">ISSUE</subfield>
  </datafield>
  <datafield tag="952" ind1=" " ind2=" ">
    <subfield code="0">0</subfield>
    <subfield code="1">0</subfield>
    <subfield code="2">ddc</subfield>
    <subfield code="4">0</subfield>
    <subfield code="5">5</subfield>
    <subfield code="7">0</subfield>
    <subfield code="8">SE</subfield>
    <subfield code="a">BNPHU</subfield>
    <subfield code="b">BNPHU</subfield>
    <subfield code="d">2026-02-19</subfield>
    <subfield code="h">A&#xF1;o 40. N&#xFA;mero 12. Volumen 554, mayo 1929</subfield>
    <subfield code="l">0</subfield>
    <subfield code="p">2026-1388</subfield>
    <subfield code="r">2026-02-19</subfield>
    <subfield code="t">e.1</subfield>
    <subfield code="w">2026-02-19</subfield>
    <subfield code="y">ISSUE</subfield>
    <subfield code="z">Galeria Artistica.</subfield>
  </datafield>
  <datafield tag="952" ind1=" " ind2=" ">
    <subfield code="0">0</subfield>
    <subfield code="1">0</subfield>
    <subfield code="2">ddc</subfield>
    <subfield code="4">0</subfield>
    <subfield code="5">5</subfield>
    <subfield code="7">0</subfield>
    <subfield code="8">SE</subfield>
    <subfield code="a">BNPHU</subfield>
    <subfield code="b">BNPHU</subfield>
    <subfield code="d">2026-02-19</subfield>
    <subfield code="h">A&#xF1;o 40. N&#xFA;mero 12. Volumen 561, mayo 1929</subfield>
    <subfield code="l">0</subfield>
    <subfield code="p">2026-1389</subfield>
    <subfield code="r">2026-02-19</subfield>
    <subfield code="t">e.1</subfield>
    <subfield code="w">2026-02-19</subfield>
    <subfield code="y">ISSUE</subfield>
    <subfield code="z">Galeria Artistica.</subfield>
  </datafield>
  <datafield tag="952" ind1=" " ind2=" ">
    <subfield code="0">0</subfield>
    <subfield code="1">0</subfield>
    <subfield code="2">ddc</subfield>
    <subfield code="4">0</subfield>
    <subfield code="5">5</subfield>
    <subfield code="7">0</subfield>
    <subfield code="8">SE</subfield>
    <subfield code="a">BNPHU</subfield>
    <subfield code="b">BNPHU</subfield>
    <subfield code="d">2026-02-19</subfield>
    <subfield code="h">A&#xF1;o 40. N&#xFA;mero 12. Volumen 568, mayo 1929</subfield>
    <subfield code="l">0</subfield>
    <subfield code="p">2026-1390</subfield>
    <subfield code="r">2026-02-19</subfield>
    <subfield code="t">e.1</subfield>
    <subfield code="w">2026-02-19</subfield>
    <subfield code="y">ISSUE</subfield>
    <subfield code="z">Galeria Artistica.</subfield>
  </datafield>
  <datafield tag="952" ind1=" " ind2=" ">
    <subfield code="0">0</subfield>
    <subfield code="1">0</subfield>
    <subfield code="2">ddc</subfield>
    <subfield code="4">0</subfield>
    <subfield code="5">5</subfield>
    <subfield code="7">0</subfield>
    <subfield code="8">SE</subfield>
    <subfield code="a">BNPHU</subfield>
    <subfield code="b">BNPHU</subfield>
    <subfield code="d">2026-02-19</subfield>
    <subfield code="h">A&#xF1;o 40. N&#xFA;mero 12. Volumen 575, junio 1929</subfield>
    <subfield code="l">0</subfield>
    <subfield code="p">2026-1391</subfield>
    <subfield code="r">2026-02-19</subfield>
    <subfield code="t">e.1</subfield>
    <subfield code="w">2026-02-19</subfield>
    <subfield code="y">ISSUE</subfield>
    <subfield code="z">Galeria Artistica.</subfield>
  </datafield>
  <datafield tag="952" ind1=" " ind2=" ">
    <subfield code="0">0</subfield>
    <subfield code="1">0</subfield>
    <subfield code="2">ddc</subfield>
    <subfield code="4">0</subfield>
    <subfield code="5">5</subfield>
    <subfield code="7">0</subfield>
    <subfield code="8">SE</subfield>
    <subfield code="a">BNPHU</subfield>
    <subfield code="b">BNPHU</subfield>
    <subfield code="d">2026-02-19</subfield>
    <subfield code="h">A&#xF1;o 40. N&#xFA;mero 12. Volumen 582, junio 1929</subfield>
    <subfield code="l">0</subfield>
    <subfield code="p">2026-1392</subfield>
    <subfield code="r">2026-02-19</subfield>
    <subfield code="t">e.1</subfield>
    <subfield code="w">2026-02-19</subfield>
    <subfield code="y">ISSUE</subfield>
    <subfield code="z">Galeria Artistica.</subfield>
  </datafield>
  <datafield tag="952" ind1=" " ind2=" ">
    <subfield code="0">0</subfield>
    <subfield code="1">0</subfield>
    <subfield code="2">ddc</subfield>
    <subfield code="4">0</subfield>
    <subfield code="5">5</subfield>
    <subfield code="7">0</subfield>
    <subfield code="8">SE</subfield>
    <subfield code="a">BNPHU</subfield>
    <subfield code="b">BNPHU</subfield>
    <subfield code="d">2026-02-19</subfield>
    <subfield code="h">A&#xF1;o 40. N&#xFA;mero 12. Volumen 589, junio 1929</subfield>
    <subfield code="l">0</subfield>
    <subfield code="p">2026-1393</subfield>
    <subfield code="r">2026-02-19</subfield>
    <subfield code="t">e.1</subfield>
    <subfield code="w">2026-02-19</subfield>
    <subfield code="y">ISSUE</subfield>
    <subfield code="z">Galeria Artistica.</subfield>
  </datafield>
  <datafield tag="952" ind1=" " ind2=" ">
    <subfield code="0">0</subfield>
    <subfield code="1">0</subfield>
    <subfield code="2">ddc</subfield>
    <subfield code="4">0</subfield>
    <subfield code="5">5</subfield>
    <subfield code="7">0</subfield>
    <subfield code="8">SE</subfield>
    <subfield code="a">BNPHU</subfield>
    <subfield code="b">BNPHU</subfield>
    <subfield code="d">2026-02-19</subfield>
    <subfield code="h">A&#xF1;o 40. N&#xFA;mero 12. Volumen 596, junio 1929</subfield>
    <subfield code="l">0</subfield>
    <subfield code="p">2026-1394</subfield>
    <subfield code="r">2026-02-19</subfield>
    <subfield code="t">e.1</subfield>
    <subfield code="w">2026-02-19</subfield>
    <subfield code="y">ISSUE</subfield>
    <subfield code="z">Galeria Artistica.</subfield>
  </datafield>
  <datafield tag="952" ind1=" " ind2=" ">
    <subfield code="0">0</subfield>
    <subfield code="1">0</subfield>
    <subfield code="2">ddc</subfield>
    <subfield code="4">0</subfield>
    <subfield code="5">5</subfield>
    <subfield code="7">0</subfield>
    <subfield code="8">SE</subfield>
    <subfield code="a">BNPHU</subfield>
    <subfield code="b">BNPHU</subfield>
    <subfield code="d">2026-02-19</subfield>
    <subfield code="h">A&#xF1;o 41. N&#xFA;mero 12. Volumen 733, noviembre 1929</subfield>
    <subfield code="l">0</subfield>
    <subfield code="p">2026-1395</subfield>
    <subfield code="r">2026-02-19</subfield>
    <subfield code="t">e.1</subfield>
    <subfield code="w">2026-02-19</subfield>
    <subfield code="y">ISSUE</subfield>
    <subfield code="z">Galeria Artistica.</subfield>
  </datafield>
  <datafield tag="952" ind1=" " ind2=" ">
    <subfield code="0">0</subfield>
    <subfield code="1">0</subfield>
    <subfield code="2">ddc</subfield>
    <subfield code="4">0</subfield>
    <subfield code="5">5</subfield>
    <subfield code="7">0</subfield>
    <subfield code="8">SE</subfield>
    <subfield code="a">BNPHU</subfield>
    <subfield code="b">BNPHU</subfield>
    <subfield code="d">2026-02-19</subfield>
    <subfield code="h">A&#xF1;o 41. N&#xFA;mero 12. Volumen 736, noviembre 1929</subfield>
    <subfield code="l">0</subfield>
    <subfield code="p">2026-1396</subfield>
    <subfield code="r">2026-02-19</subfield>
    <subfield code="t">e.1</subfield>
    <subfield code="w">2026-02-19</subfield>
    <subfield code="y">ISSUE</subfield>
    <subfield code="z">Galeria Artistica.</subfield>
  </datafield>
  <datafield tag="952" ind1=" " ind2=" ">
    <subfield code="0">0</subfield>
    <subfield code="1">0</subfield>
    <subfield code="2">ddc</subfield>
    <subfield code="4">0</subfield>
    <subfield code="5">5</subfield>
    <subfield code="7">0</subfield>
    <subfield code="8">SE</subfield>
    <subfield code="a">BNPHU</subfield>
    <subfield code="b">BNPHU</subfield>
    <subfield code="d">2026-02-19</subfield>
    <subfield code="h">A&#xF1;o 41. N&#xFA;mero 12. Volumen 746, noviembre 1929</subfield>
    <subfield code="l">0</subfield>
    <subfield code="p">2026-1397</subfield>
    <subfield code="r">2026-02-19</subfield>
    <subfield code="t">e.1</subfield>
    <subfield code="w">2026-02-19</subfield>
    <subfield code="y">ISSUE</subfield>
    <subfield code="z">Galeria Artistica.</subfield>
  </datafield>
  <datafield tag="952" ind1=" " ind2=" ">
    <subfield code="0">0</subfield>
    <subfield code="1">0</subfield>
    <subfield code="2">ddc</subfield>
    <subfield code="4">0</subfield>
    <subfield code="5">5</subfield>
    <subfield code="7">0</subfield>
    <subfield code="8">SE</subfield>
    <subfield code="a">BNPHU</subfield>
    <subfield code="b">BNPHU</subfield>
    <subfield code="d">2026-02-19</subfield>
    <subfield code="h">A&#xF1;o 41. N&#xFA;mero 12. Volumen 747, diciembre 1929</subfield>
    <subfield code="l">0</subfield>
    <subfield code="p">2026-1398</subfield>
    <subfield code="r">2026-02-19</subfield>
    <subfield code="t">e.1</subfield>
    <subfield code="w">2026-02-19</subfield>
    <subfield code="y">ISSUE</subfield>
    <subfield code="z">Galeria Artistica.</subfield>
  </datafield>
  <datafield tag="952" ind1=" " ind2=" ">
    <subfield code="0">0</subfield>
    <subfield code="1">0</subfield>
    <subfield code="2">ddc</subfield>
    <subfield code="4">0</subfield>
    <subfield code="5">5</subfield>
    <subfield code="7">0</subfield>
    <subfield code="8">SE</subfield>
    <subfield code="a">BNPHU</subfield>
    <subfield code="b">BNPHU</subfield>
    <subfield code="d">2026-02-19</subfield>
    <subfield code="h">A&#xF1;o 41. N&#xFA;mero 12. Volumen 754, diciembre 1929</subfield>
    <subfield code="l">0</subfield>
    <subfield code="p">2026-1399</subfield>
    <subfield code="r">2026-02-19</subfield>
    <subfield code="t">e.1</subfield>
    <subfield code="w">2026-02-19</subfield>
    <subfield code="y">ISSUE</subfield>
    <subfield code="z">Galeria Artistica.</subfield>
  </datafield>
  <datafield tag="952" ind1=" " ind2=" ">
    <subfield code="0">0</subfield>
    <subfield code="1">0</subfield>
    <subfield code="2">ddc</subfield>
    <subfield code="4">0</subfield>
    <subfield code="5">5</subfield>
    <subfield code="7">0</subfield>
    <subfield code="8">SE</subfield>
    <subfield code="a">BNPHU</subfield>
    <subfield code="b">BNPHU</subfield>
    <subfield code="d">2026-02-19</subfield>
    <subfield code="h">A&#xF1;o 41. N&#xFA;mero 12. Volumen 761, diciembre 1929</subfield>
    <subfield code="l">0</subfield>
    <subfield code="p">2026-1400</subfield>
    <subfield code="r">2026-02-19</subfield>
    <subfield code="t">e.1</subfield>
    <subfield code="w">2026-02-19</subfield>
    <subfield code="y">ISSUE</subfield>
    <subfield code="z">Galeria Artistica.</subfield>
  </datafield>
  <datafield tag="952" ind1=" " ind2=" ">
    <subfield code="0">0</subfield>
    <subfield code="1">0</subfield>
    <subfield code="2">ddc</subfield>
    <subfield code="4">0</subfield>
    <subfield code="5">5</subfield>
    <subfield code="7">0</subfield>
    <subfield code="8">SE</subfield>
    <subfield code="a">BNPHU</subfield>
    <subfield code="b">BNPHU</subfield>
    <subfield code="d">2026-02-19</subfield>
    <subfield code="h">A&#xF1;o 41. N&#xFA;mero 12. Volumen 775, diciembre 1929</subfield>
    <subfield code="l">0</subfield>
    <subfield code="p">2026-1402</subfield>
    <subfield code="r">2026-02-19</subfield>
    <subfield code="t">e.1</subfield>
    <subfield code="w">2026-02-19</subfield>
    <subfield code="y">ISSUE</subfield>
    <subfield code="z">Galeria Artistica.</subfield>
  </datafield>
  <datafield tag="952" ind1=" " ind2=" ">
    <subfield code="0">0</subfield>
    <subfield code="1">0</subfield>
    <subfield code="2">ddc</subfield>
    <subfield code="4">0</subfield>
    <subfield code="5">5</subfield>
    <subfield code="7">0</subfield>
    <subfield code="8">SE</subfield>
    <subfield code="a">BNPHU</subfield>
    <subfield code="b">BNPHU</subfield>
    <subfield code="d">2026-02-19</subfield>
    <subfield code="h">A&#xF1;o 41. N&#xFA;mero 12. Volumen 782, enero 1930</subfield>
    <subfield code="l">0</subfield>
    <subfield code="p">2026-1403</subfield>
    <subfield code="r">2026-02-19</subfield>
    <subfield code="t">e.1</subfield>
    <subfield code="w">2026-02-19</subfield>
    <subfield code="y">ISSUE</subfield>
    <subfield code="z">Galeria Artistica.</subfield>
  </datafield>
  <datafield tag="952" ind1=" " ind2=" ">
    <subfield code="0">0</subfield>
    <subfield code="1">0</subfield>
    <subfield code="2">ddc</subfield>
    <subfield code="4">0</subfield>
    <subfield code="5">5</subfield>
    <subfield code="7">0</subfield>
    <subfield code="8">SE</subfield>
    <subfield code="a">BNPHU</subfield>
    <subfield code="b">BNPHU</subfield>
    <subfield code="d">2026-02-19</subfield>
    <subfield code="h">A&#xF1;o 41. N&#xFA;mero 12. Volumen 789, enero 1930</subfield>
    <subfield code="l">0</subfield>
    <subfield code="p">2026-1404</subfield>
    <subfield code="r">2026-02-19</subfield>
    <subfield code="t">e.1</subfield>
    <subfield code="w">2026-02-19</subfield>
    <subfield code="y">ISSUE</subfield>
    <subfield code="z">Galeria Artistica.</subfield>
  </datafield>
  <datafield tag="952" ind1=" " ind2=" ">
    <subfield code="0">0</subfield>
    <subfield code="1">0</subfield>
    <subfield code="2">ddc</subfield>
    <subfield code="4">0</subfield>
    <subfield code="5">5</subfield>
    <subfield code="7">0</subfield>
    <subfield code="8">SE</subfield>
    <subfield code="a">BNPHU</subfield>
    <subfield code="b">BNPHU</subfield>
    <subfield code="d">2026-02-19</subfield>
    <subfield code="h">A&#xF1;o 41. N&#xFA;mero 12. Volumen 796, enero 1930</subfield>
    <subfield code="l">0</subfield>
    <subfield code="p">2026-1405</subfield>
    <subfield code="r">2026-02-19</subfield>
    <subfield code="t">e.1</subfield>
    <subfield code="w">2026-02-19</subfield>
    <subfield code="y">ISSUE</subfield>
    <subfield code="z">Galeria Artistica.</subfield>
  </datafield>
  <datafield tag="952" ind1=" " ind2=" ">
    <subfield code="0">0</subfield>
    <subfield code="1">0</subfield>
    <subfield code="2">ddc</subfield>
    <subfield code="4">0</subfield>
    <subfield code="5">5</subfield>
    <subfield code="7">0</subfield>
    <subfield code="8">SE</subfield>
    <subfield code="a">BNPHU</subfield>
    <subfield code="b">BNPHU</subfield>
    <subfield code="d">2026-02-19</subfield>
    <subfield code="h">A&#xF1;o 41. N&#xFA;mero 12. Volumen 803, enero 1930</subfield>
    <subfield code="l">0</subfield>
    <subfield code="p">2026-1406</subfield>
    <subfield code="r">2026-02-19</subfield>
    <subfield code="t">e.1</subfield>
    <subfield code="w">2026-02-19</subfield>
    <subfield code="y">ISSUE</subfield>
    <subfield code="z">Galeria Artistica.</subfield>
  </datafield>
  <datafield tag="952" ind1=" " ind2=" ">
    <subfield code="0">0</subfield>
    <subfield code="1">0</subfield>
    <subfield code="2">ddc</subfield>
    <subfield code="4">0</subfield>
    <subfield code="5">5</subfield>
    <subfield code="7">0</subfield>
    <subfield code="8">SE</subfield>
    <subfield code="a">BNPHU</subfield>
    <subfield code="b">BNPHU</subfield>
    <subfield code="d">2026-02-19</subfield>
    <subfield code="h">A&#xF1;o 41. N&#xFA;mero 12. Volumen 810, febrero 1930</subfield>
    <subfield code="l">0</subfield>
    <subfield code="p">2026-1407</subfield>
    <subfield code="r">2026-02-19</subfield>
    <subfield code="t">e.1</subfield>
    <subfield code="w">2026-02-19</subfield>
    <subfield code="y">ISSUE</subfield>
    <subfield code="z">Galeria Artistica.</subfield>
  </datafield>
  <datafield tag="952" ind1=" " ind2=" ">
    <subfield code="0">0</subfield>
    <subfield code="1">0</subfield>
    <subfield code="2">ddc</subfield>
    <subfield code="4">0</subfield>
    <subfield code="5">5</subfield>
    <subfield code="7">0</subfield>
    <subfield code="8">SE</subfield>
    <subfield code="a">BNPHU</subfield>
    <subfield code="b">BNPHU</subfield>
    <subfield code="d">2026-02-19</subfield>
    <subfield code="h">A&#xF1;o 41. N&#xFA;mero 12. Volumen 831, febrero 1930</subfield>
    <subfield code="l">0</subfield>
    <subfield code="p">2026-1408</subfield>
    <subfield code="r">2026-02-19</subfield>
    <subfield code="t">e.1</subfield>
    <subfield code="w">2026-02-19</subfield>
    <subfield code="y">ISSUE</subfield>
    <subfield code="z">Galeria Artistica.</subfield>
  </datafield>
  <datafield tag="999" ind1=" " ind2=" ">
    <subfield code="c">60368</subfield>
    <subfield code="d">60368</subfield>
  </datafield>
</record>
